Nazionali mai qualificate agli Europei - Statistics

Statistiche generali
  • Questo quiz è stato fatto 48 volte
    17 dall'ultimo reset
  • Il punteggio medio è 15 su 19
Statistiche sulle risposte
Nazionale % Corretto
Andorra
100%
Estonia
100%
Malta
100%
Lituania
94%
San Marino
94%
Armenia
88%
Bielorussia
88%
Lussemburgo
88%
Moldavia
88%
Montenegro
88%
Bosnia ed Erzegovina
81%
Cipro
81%
Kosovo
81%
Liechtenstein
75%
Israele
69%
Azerbaigian
63%
Kazakistan
63%
Gibilterra
56%
Fær Øer
25%
Nessun quiz corrispondente trovato
Distribuzione punteggi
Percentuale di utenti per punteggio
Percentile per numero di risposta
I tuoi punteggi nel tempo
Non hai fatto questo quiz dall'ultimo reset